00761nam a2200253Ia 4500003000400000005001700004006001800021007000300039008004100042024001100083037001100094040001800105041001300123100002100136110007600157245007900233260000900312300001800321650001200339700002400351700002900375700002700404700007600431OSt20220930090409.0a|||||r|||| 00| 0ta220926b |||||||| |||| 00| 0 eng d a109441 cTheses aCRLcCRLbeng 2engaeng aGhosh Suchismita aUniversity of Delhi. Faculty of Medical Sciences. Department of Anatomy 0aHistogenesis of enteric nervous system in the human stomach b Fetal study c2010 a95p.ap.ccm. aANATOMY a Dr. J. M. Kaul Gu. a Dr. Neelam Vasudeva Gu. a Dr. Sabita Mishra Gu. aUniversity of Delhi. Faculty of Medical Sciences. Department of Anatomy